logo

Bir Sreshtho Munshi Abdur Rouf Library
Jhenaidah Cadet College

Classical Mechanics / (Record no. 5558)

MARC details
000 -LEADER
fixed length control field 00576nam a2200229 a 4500
001 - CONTROL NUMBER
JCCL Control Number 5558
003 - CONTROL NUMBER IDENTIFIER
JCCL marc code BD-JhCC
005 - DATE AND TIME OF LATEST TRANSACTION
control field 20180305190629.0
008 - FIXED-LENGTH DATA ELEMENTS--GENERAL INFORMATION
fixed length control field 171218s2004 bg |||| |||| 00| 0 eng d
020 ## - INTERNATIONAL STANDARD BOOK NUMBER
International Standard Book Number 8178085666
035 ## - SYSTEM CONTROL NUMBER
system control number (BD-JhCC)5558
040 ## - CATALOGING SOURCE
Original cataloging agency BD-JhCC
Modifying agency BD-JhCC
041 ## - LANGUAGE CODE
Language code of Book eng
082 ## - DEWEY DECIMAL CLASSIFICATION NUMBER
Classification number 620
Author mark and Year CLA 2004
245 ## - TITLE STATEMENT
Title Classical Mechanics /
Statement of responsibility, etc Herbert Goldstein...[et.all.].
260 ## - PUBLICATION, DISTRIBUTION, ETC. (IMPRINT)
Place of publication, distribution, etc Dhaka :
Name of publisher, distributor, etc Angel Library,
Date of publication, distribution, etc 2004
300 ## - PHYSICAL DESCRIPTION
Pagination 638 p. :
Other physical details ills;
Dimensions 21 cm.
650 ## - SUBJECT ADDED ENTRY--TOPICAL TERM
Topical term or geographic name as entry element Mechanics
700 ## - ADDED ENTRY--PERSONAL NAME
Personal name Goldstein, Herbert
942 ## - ADDED ENTRY ELEMENTS (KOHA)
Source of classification or shelving scheme Dewey Decimal Classification
Koha item type Books
Holdings
Source of classification or shelving scheme Damaged status Not for loan Home library Current library Shelving location Total Checkouts Full call number Barcode Date last seen Copy number Koha item type
Dewey Decimal Classification     JCC Rouf Library JCC Rouf Library General Stacks   620 CLA 2004 7727 12/18/2017 C - 1 Books
Dewey Decimal Classification     JCC Rouf Library JCC Rouf Library General Stacks   620 CLA 2004 11593 03/05/2018 C - 2 Books

JCC Library | Contacts | JCC Home

Last Update on 23 September 2017
Copyright @ 2017-2020 JCC Rouf Library
Rouf Library, Jhenidah Cadet College (JCC), Bangladesh